| 000 | 00329nam a22001337a 4500 | ||
|---|---|---|---|
| 003 | LK-CoDNM | ||
| 005 | 20240823091842.0 | ||
| 008 | 240823b |||||||| |||| 00| 0 eng d | ||
| 040 |
_aLK-CoDNM _dLK-CoDNM _eLK-CoDNM |
||
| 080 | _bGP1888 | ||
| 245 | _aCeylon blue book | ||
| 260 |
_aColombo _bGoverment printer _c1888 |
||
| 942 | _cBK | ||
| 999 |
_c148751 _d148751 |
||